000 00236nam a22000977a 4500
005 20250901165459.0
008 210409b ||||| |||| 00| 0 eng d
050 _aPR6056.R43 .F74 2004
245 _aDead end
_cFREEMANTLE, BRIAN
942 _2lcc
999 _c4654
_d4654